| 000 | 00858nam a2200277Ia 4500 | ||
|---|---|---|---|
| 003 | OSt | ||
| 005 | 20220927105256.0 | ||
| 006 | a|||||r|||| 00| 0 | ||
| 007 | ta | ||
| 008 | 220926b |||||||| |||| 00| 0 eng d | ||
| 020 | _a1586036033 | ||
| 024 | _a168522 | ||
| 037 | _cReference Collections | ||
| 040 |
_aRTL _cRTL _beng |
||
| 041 |
_2eng _aeng |
||
| 082 | _a"Y33:7:7, P6" | ||
| 100 |
_aVan bilsen A and others _9371394 |
||
| 245 | 0 | _aUrban transformations and sustainability | |
| 260 |
_aDelft _bIOS Press _c2006 |
||
| 300 |
_a144p _ccm. |
||
| 490 | _aProgress of research issues in urbanism.2005 | ||
| 700 |
_a Hoeven F Vander Ed. _9371395 |
||
| 700 |
_a Rosemann H. J. Ed. _9371396 |
||
| 942 |
_h"Y33:7:7, P6" _cCC |
||
| 999 |
_c691590 _d691590 |
||